LEADER 01116nam0-22003131i-450- 001 990002062710403321 005 20090610141104.0 035 $a000206271 035 $aFED01000206271 035 $a(Aleph)000206271FED01 035 $a000206271 100 $a20030910d1966----km-y0itay50------ba 101 0 $aeng 200 1 $aRadiosotopes in the detection of pesticide residues$eproceedings of a panel held in Vienna, 12-15 April 1965$forganized by the Division of atomic energy in agriculture 210 $aVienna$cInternational atomic energy agency$d1966 215 $aIV, 118 p.$d24 cm 225 1 $aPanel proceedings series$v123 610 0 $aAntiparassitari 610 0 $aAntiparassitari 676 $a632.95 710 02$aInternational Atomic Energy Agency$012873 712 12$aPanel on radioisotopes in the detection of pesticide residues$f<1965 ;$eVienna> 801 0$aIT$bUNINA$gRICA$2UNIMARC 901 $aBK 912 $a990002062710403321 952 $a61 IX E.4/05$b2791 (9/1/68)$fDAGEN 959 $aDAGEN 996 $aRadiosotopes in the detection of pesticide residues$9392971 997 $aUNINA LEADER 00966nam0-22003491i-450- 001 990003904610403321 005 20080131093635.0 010 $a88-86908-05-9 035 $a000390461 035 $aFED01000390461 035 $a(Aleph)000390461FED01 035 $a000390461 100 $a20030910d1996----km-y0itay50------ba 101 0 $aita 102 $aIT 105 $a--------001cy 200 1 $a<>rosa e lo specchio$esaggi sull'interculturalità$fa cura di Giovanna Campani 210 $aNapoli$cIpermedium$dc1996 215 $a357 p.$d23 cm 225 1 $aManuali$v1 320 $aContiene riferimenti bibl. 610 0 $aEDUCAZIONE MULTICULTURALE 610 0 $aMULTICULTURALISMO 676 $a370.117$v21$zita 702 1$aCampani,$bGiovanna 801 0$aIT$bUNINA$gRICA$2UNIMARC 901 $aBK 912 $a990003904610403321 952 $a370.117 CAM 1$b8186$fBFS 959 $aBFS 996 $aRosa e lo specchio$9516657 997 $aUNINA LEADER 00880cam0-22003371i-450- 001 990007829590403321 005 20031009122538.0 010 $a0-406-94801-1 035 $a000782959 035 $aFED01000782959 035 $a(Aleph)000782959FED01 035 $a000782959 100 $a20031009d2002----km-y0itay50------ba 101 0 $aeng 102 $aGB 105 $ay-------001yy 200 1 $aSmith & Hogan criminal law 205 $a10. ed.$fJohn Smith 210 $aLondon [etc.]$cButterworths$dc2002 215 $aC, 807 p.$d25 cm 517 1 $aCriminal law 676 $a345.42$v19 700 1$aSmith,$bJohn Cyril$0280357 701 1$aHogan,$bBrian$0280358 801 0$aIT$bUNINA$gRICA$2UNIMARC 901 $aBK 912 $a990007829590403321 952 $a4,1-193$fDSPCP 959 $aDSPCP 996 $aSmith & Hogan criminal law$9663644 997 $aUNINA